000 01297cam a22003497a 4500
003 CHAP
005 20220817043721.0
008 001016d1999 mx r 00110 spa d
010 _a82589
011 _a83561
035 _a94074
040 _cCHAP
090 _aTesis
100 0 0 _aHernández Bello, Marco Aurelio.
_953852
245 1 0 _aIdentificación, dinámica poblacional y tácticas de control de nemátodos en café (Coffea Arabica Var. Garnica F5) en la región de Huatusco, Veracruz, México
_c/ Marco Aurelio Hernández Bello.
260 _aChapingo, México :
_bel autor,
_c2000.
300 _a60 h:
_bcuads., gráfs.
502 _aTesis (Ing. Agr. Esp. en Parasitología Agricola) -- UACH. Departamento de Parasitología Agrícola.
590 _aALEPH
_b10
_c20130110
_lUCH01
_h1438
590 _aBATCH-UPD
_b10
_c20130110
_lUCH01
_h0725
590 _aBATCH-UPD
_b10
_c20130410
_lUCH01
_h0409
590 _aBATCH-UPD
_b10
_c20130914
_lUCH01
_h0812
590 _aCONVERSION
_b10
_c20130109
_lUCH01
_h1346
650 1 4 _aCafé
_xPlagas.
_917181
650 1 4 _aCafé
_zVeracruz.
650 1 4 _aNemátodos.
_980819
901 _aBK
905 _aEdna Luz
942 _cFOLL
949 _bBC
_cTES
_d33724000806048
_eTS2
_fc.2
_h37205
_i94074
_si
949 _bBC
_cTES
_d940741
_eTS1
_h37204
_i94074
_sb
999 _c82589
_d82589